Statistics for top 10 biggest busts in NFL history

Click here to take the quiz!

General Stats

  • This quiz has been taken 598 times
  • The average score is 2 of 5

Answer Stats

HintAnswer% Correct
QBJamarcus Russel
83%
QBRyan Leaf
67%
RBTrent Richardson
21%
QBRobert Griffin III
12%
QBTony Romo
12%

Score Distribution

Percentile by Number Answered

Percent of People with Each Score

Your Score History

You have not taken this quiz